<?xml version="1.0" encoding="UTF-8"?>
<record
    xmlns:xsi="http://www.w3.org/2001/XMLSchema-instance"
    xsi:schemaLocation="http://www.loc.gov/MARC21/slim http://www.loc.gov/standards/marcxml/schema/MARC21slim.xsd"
    xmlns="http://www.loc.gov/MARC21/slim">

  <leader>01777nab a2200241uuc4500</leader>
  <controlfield tag="001">1278502</controlfield>
  <controlfield tag="005">20240202104159.0</controlfield>
  <controlfield tag="008">120330s2010                        spa  </controlfield>
  <datafield tag="035" ind1=" " ind2=" ">
    <subfield code="a">1278502</subfield>
  </datafield>
  <datafield tag="040" ind1=" " ind2=" ">
    <subfield code="c">comduadb</subfield>
  </datafield>
  <datafield tag="041" ind1=" " ind2=" ">
    <subfield code="a">spa</subfield>
  </datafield>
  <datafield tag="100" ind1="1" ind2="0">
    <subfield code="a">Laurent, Virginie</subfield>
    <subfield code="4">aut</subfield>
    <subfield code="e">aut</subfield>
    <subfield code="9">273397</subfield>
  </datafield>
  <datafield tag="245" ind1="1" ind2="0">
    <subfield code="a">Con bastones de mando o en el tarjet&#xF3;n : movilizaciones pol&#xED;ticas ind&#xED;genas en Colombia</subfield>
  </datafield>
  <datafield tag="260" ind1=" " ind2=" ">
    <subfield code="c">2010.</subfield>
  </datafield>
  <datafield tag="520" ind1="3" ind2=" ">
    <subfield code="a">Este art&#xED;culo expone distintas etapas de las movilizaciones pol&#xED;ticas ind&#xED;genas en Colombia, que reflejan su particular combinaci&#xF3;n de variadas estrategias de lucha y sus diversos grados de articulaci&#xF3;n al Estado: autogobierno, acciones por v&#xED;a de hecho, uso de recursos legales, participaci&#xF3;n electoral. Se muestra c&#xF3;mo la apertura de Colombia al multiculturalismo en 1991, asociada a una relativa institucionalizaci&#xF3;n de las demandas ind&#xED;genas, que fueron formuladas desde los a&#xF1;os setenta, no impide la permanencia &#x97;o revivificaci&#xF3;n&#x97; de pr&#xE1;cticas de resistencia como las llamadas Mingas. De manera transversal, se hace &#xE9;nfasis en la forma como peticiones espec&#xED;ficas fundadas en la indianidad van a la par con alianzas y reivindicaciones m&#xE1;s amplias, a favor de la construcci&#xF3;n de otra sociedad, incluyente y equitativa.</subfield>
  </datafield>
  <datafield tag="650" ind1=" " ind2=" ">
    <subfield code="a">Movimientos ind&#xED;genas - Historia - Colombia</subfield>
    <subfield code="9">69986</subfield>
  </datafield>
  <datafield tag="650" ind1=" " ind2="0">
    <subfield code="a">Resistencia ind&#xED;gena</subfield>
    <subfield code="9">51207</subfield>
  </datafield>
  <datafield tag="650" ind1=" " ind2=" ">
    <subfield code="a">Minga</subfield>
    <subfield code="9">184523</subfield>
  </datafield>
  <datafield tag="650" ind1=" " ind2=" ">
    <subfield code="a">Ind&#xED;genas - Participaci&#xF3;n pol&#xED;tica - Colombia</subfield>
    <subfield code="9">122177</subfield>
  </datafield>
  <datafield tag="773" ind1="0" ind2=" ">
    <subfield code="t">Colombia Internacional (Bogot&#xE1;)</subfield>
    <subfield code="g">No. 71, Ene.-Jun. 2010, p. 35-61</subfield>
    <subfield code="w">120755</subfield>
    <subfield code="x">0121-5612</subfield>
    <subfield code="0">66405</subfield>
  </datafield>
  <datafield tag="856" ind1="4" ind2=" ">
    <subfield code="u">http://colombiainternacional.uniandes.edu.co/datos/pdf/descargar.php?f=./data/Revista_No_71/ColombiaInternacional71-03-Anlisis-Laurent.pdf</subfield>
  </datafield>
  <datafield tag="942" ind1=" " ind2=" ">
    <subfield code="c">ARIMP</subfield>
  </datafield>
  <datafield tag="999" ind1=" " ind2=" ">
    <subfield code="c">608730</subfield>
    <subfield code="d">608730</subfield>
  </datafield>
</record>
